000 00690nam a2200217Ii 4500
003 JO-AjNU
005 20240810074313.0
008 230605s9999||||xx |||||||||||||| ||und||
040 _aJO-AjNU
_bara
_erda
_cJO-AjNU
041 _aara
050 1 4 _aQA76.15 A2377
100 3 _aعدس ، رأفت,
_eauthor
_98408
245 0 0 _aمصطلحات الكمبيوتر و الميكروكمبوتر
264 3 1 _aبغداد : المكتبه العالميه ، 1900
300 _a313ص
336 _atext
_btxt
_2rdacontent
337 _aunmediated
_bn
_2rdamedia
338 _avolume
_bnc
_2rdacarrier
650 4 _aالحاسبات الإلكترونية -- معاجم 
_98409
942 _2lcc
_cBK
999 _c4340
_d4340